Paroles - Funkinox - Inoxtag - Statistiques

Statistiques générales
  • Ce quiz a été pris 77 fois
  • Le résultat moyen est 113 sur 321
Statistiques - réponses
Paroles % Correct
je
72%
Je
72%
le
72%
ça
71%
un
71%
la
67%
là,
67%
67%
dans
66%
Dans
66%
Inoxtag,
64%
Inoxtag
64%
(Inoxtag,
64%
Inoxtag)
64%
Tu
60%
tu
60%
(tu
60%
et
57%
Et,
57%
On
57%
zion
57%
de
55%
J'suis
55%
j'suis
55%
't'es
55%
faire
53%
cost
50%
par
48%
(par
48%
TN,
48%
connais
47%
fait
47%
fiesta
47%
j'dead
47%
pour
47%
en
45%
vie,
45%
vie
45%
ci
43%
ci)
43%
ma
43%
mili
43%
Tesla
43%
ces
41%
les
41%
Les
41%
ta
41%
bail,
38%
bail
38%
bon,
38%
costa
38%
me,
36%
son
36%
vient
36%
Appelle-moi,
34%
continue
34%
Monte
34%
pas
34%
boîte,
31%
capté,
31%
capté
31%
c'que
31%
gros,
31%
j'ai
31%
J'ai
31%
sur
31%
assis
29%
(assis)
29%
comme
29%
d'jà
29%
fille
29%
jamais
29%
vous
29%
c'est
28%
l'refrain,
28%
l'refrain
28%
heure,
26%
m'dit
26%
une
26%
Croûtons,
24%
easy
24%
(easy)
24%
faciles
24%
gang
24%
mais
24%
potion
24%
des
22%
donne
22%
du
22%
est
22%
Itachi,
22%
love
22%
Ouais,
22%
parti
22%
Shinobi
22%
craque
21%
j'vous
21%
moment
21%
doux,
19%
gens
19%
j'cherche
19%
J'rentre
19%
T'as
19%
trouve
19%
dingueries
17%
it's
17%
kiffer
17%
Ah,
16%
but
16%
Champs,
14%
j'aime,
14%
j'aime)
14%
sais
14%
Uchiwa
14%
d'faire
12%
follow
12%
J'kiffe
12%
swinguer
12%
bars
10%
funky
10%
j'crois,
10%
j'crois
10%
nuit
10%
Tigers,
10%
J'finis
9%
j'finis
9%
truc
9%
coste-la
7%
esprit
7%
j'fait
7%
j'pense?
7%
J'ride
7%
d'puis
5%
Sun
5%
Ouh,
3%
J'aborde
2%
faisé
0%
Aucun quiz correspondant
Distribution des résultats
% des personnes avec chaque résultat
Percentile par nombre de réponses
Votre historique - résultats
Vous n’avez pas pris ce quiz